Normal view MARC view
  • Gupta R.G

Entry Personal Name

Number of records used in: 2

001 - CONTROL NUMBER

  • control field: 216

003 - CONTROL NUMBER IDENTIFIER

  • control field: OSt

005 - DATE AND TIME OF LATEST TRANSACTION

  • control field: 20160823100630.0

008 - FIXED-LENGTH DATA ELEMENTS

  • fixed length control field: 160823|| aca||aabn | a|a d

040 ## - CATALOGING SOURCE

  • Original cataloging agency: OSt

100 ## - HEADING--PERSONAL NAME

  • Personal name: Gupta R.G

Powered by Koha